| 000 | 00609nmc a2200229 a 4500 | ||
|---|---|---|---|
| 003 | AR-BaBNM | ||
| 005 | 20251128205752.0 | ||
| 008 | 011101s1996 ||||||||||||||000 | spa|| | ||
| 020 | _a950-07-1157-5 | ||
| 040 | _cAR-BaBNM | ||
| 100 | 1 | _aMontes, Graciela | |
| 245 | 1 | 0 | _aFederico va a la escuela |
| 260 |
_aBuenos Aires _bSudamericana _c1996 |
||
| 300 |
_a16 p. _bil. col. |
||
| 490 | 0 | _aPrimera Sudamericana | |
| 650 | 4 | _aLIBROS PARA NINOS | |
| 650 | 4 | _aLITERATURA ARGENTINA | |
| 650 | 4 | _aLITERATURA CONTEMPORANEA | |
| 655 | _aLITERATURA | ||
| 700 | 1 |
_aLegnazzi, Claudia _eilustrador |
|
| 942 | _cBK | ||
| 999 |
_c12739 _d12739 |
||